书目信息 |
| 题名: |
教育神经科学的是与非
|
|
| 作者: | 萨拉 , 安德森 , 陈菊咏 主编 ;周加仙 主译 | |
| 分册: | ||
| 出版信息: | 上海 上海教育出版社有限公司 2020.03 |
|
| 页数: | 11, 515页 | |
| 开本: | 24cm | |
| 丛书名: | 教育神经科学译丛 | |
| 单 册: | ||
| 中图分类: | G40-056 | |
| 科图分类: | ||
| 主题词: | 教育学--jiao yu xue--神经科学--研究 | |
| 电子资源: | ||
| ISBN: | 978-7-5444-9537-0 | |
| 000 | 01467nam 2200325 450 | |
| 001 | 0109110028 | |
| 005 | 20201109110332.0 | |
| 010 | @a978-7-5444-9537-0@dCNY98.00 | |
| 100 | @a20200527d2020 em y0chiy50 ea | |
| 101 | 1 | @achi@ceng |
| 102 | @aCN@b310000 | |
| 105 | @aak z 001yy | |
| 106 | @ar | |
| 200 | 1 | @a教育神经科学的是与非@Ajiao yu shen jing ke xue de shi yu fei@dNeuroscience in education: the good,the bad and the ugly@f(英)塞尔吉奥·德拉·萨拉(Sergio Della Sala), (澳)迈克·安德森(Mike Anderson)主编@g周加仙,陈菊咏主译@zeng |
| 210 | @a上海@c上海教育出版社有限公司@d2020.03 | |
| 215 | @a11, 515页@c图@d24cm | |
| 225 | 2 | @a教育神经科学译丛@Ajiao yu shen jing ke xue yi cong |
| 300 | @a上海市“十三五”重点图书项目上海文化发展基金会图书出版专项基金资助项目 | |
| 305 | @a此翻译版本获得牛津大学出版社授权出版 | |
| 330 | @a本书分七部分,内容包括:导论;神经科学与教育中去伪存真的理论方法;认知神经科学对学习科学的贡献;神经遗传学对教育的影响;神经科学在课堂的误用等。 | |
| 461 | 0 | @12001 @a教育神经科学译丛 |
| 510 | 1 | @aNeuroscience in education: the good, the bad and the ugly@zeng |
| 606 | 0 | @a教育学@Ajiao yu xue@x神经科学@x研究 |
| 690 | @aG40-056@v5 | |
| 701 | 0 | @c(英)@a萨拉@Asa la@c(Sala, Sergio Della)@4主编 |
| 701 | 0 | @c(澳)@a安德森@Aan de sen@c(Anderson, Mike)@4主编 |
| 701 | 0 | @a陈菊咏@Achen ju yong@4主译 |
| 702 | 0 | @a周加仙@Azhou jia xian@4主译 |
| 801 | 0 | @aCN@bBJSZM@c20201103 |
| 905 | @b1264256-60@dG40-056@e1176@f5 | |
| 教育神经科学的是与非=Neuroscience in education: the good,the bad and the ugly/(英)塞尔吉奥·德拉·萨拉(Sergio Della Sala), (澳)迈克·安德森(Mike Anderson)主编/周加仙,陈菊咏主译.-上海:上海教育出版社有限公司,2020.03 |
| 11, 515页:图;24cm.-(教育神经科学译丛) |
| 上海市“十三五”重点图书项目上海文化发展基金会图书出版专项基金资助项目 |
| ISBN 978-7-5444-9537-0:CNY98.00 |
| 本书分七部分,内容包括:导论;神经科学与教育中去伪存真的理论方法;认知神经科学对学习科学的贡献;神经遗传学对教育的影响;神经科学在课堂的误用等。 |
| ● |
| 相关链接 |
|
|
|
|
正题名:教育神经科学的是与非
索取号:G40-056/1176
 
预约/预借
| 序号 | 登录号 | 条形码 | 馆藏地/架位号 | 状态 | 备注 |
| 1 | 1264256 | 212642568 | 第一样本阅览室/ [索取号:G40-056/1176] | 在馆 | |
| 2 | 1264257 | 212642577 | 教育系资料室/ [索取号:G40-056/1176] | 在馆 | |
| 3 | 1264258 | 212642586 | 教育系资料室/ [索取号:G40-056/1176] | 在馆 | |
| 4 | 1264259 | 212642595 | 第四借阅区/ [索取号:G40-056/1176] | 在馆 | |
| 5 | 1264260 | 212642602 | 第四借阅区/ [索取号:G40-056/1176] | 在馆 |